[Event "Roncana op-C 8th"]
[Site "Santa Eulalia de Roncana"]
[Date "2014.10.18"]
[Round "2"]
[White "Fernandez Ferreira, Eric"]
[Black "Espin Masikova, Juli"]
[Result "1-0"]
[WhiteElo "1746"]
[BlackElo "1700"]
[PlyCount "45"]
[EventDate "2014.10.11"]
[EventType "swiss"]
[EventRounds "8"]
[EventCountry "ESP"]
[SourceTitle "EXT 2016"]
[Source "ChessBase"]
[SourceDate "2015.10.08"]
[SourceVersion "1"]
[SourceVersionDate "2015.10.08"]
[SourceQuality "1"]

1. e4 e5 2. Nf3 Nc6 3. Nc3 Nf6 4. Bb5 Bb4 5. Bxc6 Bxc3 6. 0-0 0-0 7. Bb5 d6 8. bxc3 Bg4 9. Be2 Nxe4 10. d3 Nf6 11. Bg5 Ne8 12. Bxd8 Rxd8 13. Rb1 d5 14. Rxb7 e4 15. dxe4 dxe4 16. Qxd8 Nd6 17. Rxc7 Rxd8 18. Rc6 exf3 19. gxf3 Bh3 20. Rd1 Bf5 21. Rcxd6 Rxd6 22. Rxd6 Bxc2 23. Rd8# 1-0